书目信息 |
| 题名: |
京津冀一体化背景下体育产业的发展探讨
|
|
| 作者: | 穆瑞杰 著 | |
| 分册: | ||
| 出版信息: | 北京 中国书籍出版社 2018 |
|
| 页数: | 284页 | |
| 开本: | 24cm | |
| 丛书名: | 高校学术文库 | |
| 单 册: | ||
| 中图分类: | G812.72 | |
| 科图分类: | ||
| 主题词: | 体育产业--ti yu chan ye--产业发展--研究--华北地区 | |
| 电子资源: | ||
| ISBN: | 978-7-5068-6929-4 | |
| 000 | 01249nam 2200289 450 | |
| 001 | 012001003620 | |
| 005 | 20140113170601.0 | |
| 010 | @a978-7-5068-6929-4@dCNY70.00 | |
| 099 | @aCAL 012019005734 | |
| 100 | @a20190114d2018 em y0chiy50 ea | |
| 101 | 0 | @achi |
| 102 | @aCN@b110000 | |
| 105 | @ay a 000yy | |
| 106 | @ar | |
| 200 | 1 | @a京津冀一体化背景下体育产业的发展探讨@Ajing jin ji yi ti hua bei jing xia ti yu chan ye de fa zhan tan tao@f穆瑞杰著 |
| 210 | @a北京@c中国书籍出版社@d2018 | |
| 215 | @a284页@d24cm | |
| 225 | 2 | @a高校学术文库@Agao xiao xue shu wen ku@i体育研究论著丛刊 |
| 320 | @a有书目 (第283-284页) | |
| 330 | @a本书首先对区域经济一体化和京津冀一体化的基本理论和发展进行了剖析,接着对京津冀体育产业圈一体化的发展、京津冀区域优势体育产业的培育与发展以及京津冀一体化背景下体育产业结构优化进行了较为深入的分析,最后,更加细致、具体地对京津冀一体化背景下的竞技、休闲体育产业以及其他体育相关行业的发展及管理进行了探讨。 | |
| 333 | @a体育产业发展研究者及相关读者。 | |
| 410 | 0 | @12001 @a高校学术文库@i体育研究论著丛刊 |
| 606 | 0 | @a体育产业@Ati yu chan ye@x产业发展@x研究@y华北地区 |
| 690 | @aG812.72@v5 | |
| 701 | 0 | @a穆瑞杰@Amu rui jie@4著 |
| 801 | @b江苏凤凰@c20191020 | |
| 905 | @b1236597-601@dG812.72@e131@f5 | |
| 京津冀一体化背景下体育产业的发展探讨/穆瑞杰著.-北京:中国书籍出版社,2018 |
| 284页;24cm.-(高校学术文库.体育研究论著丛刊) |
| 使用对象:体育产业发展研究者及相关读者。 |
| ISBN 978-7-5068-6929-4:CNY70.00 |
| 本书首先对区域经济一体化和京津冀一体化的基本理论和发展进行了剖析,接着对京津冀体育产业圈一体化的发展、京津冀区域优势体育产业的培育与发展以及京津冀一体化背景下体育产业结构优化进行了较为深入的分析,最后,更加细致、具体地对京津冀一体化背景下的竞技、休闲体育产业以及其他体育相关行业的发展及管理进行了探讨。 |
| ● |
| 相关链接 |
|
|
|
|
正题名:京津冀一体化背景下体育产业的发展探讨
索取号:G812.72/131
 
预约/预借
| 序号 | 登录号 | 条形码 | 馆藏地/架位号 | 状态 | 备注 |
| 1 | 1236597 | 212365974 | 第一样本阅览室/ [索取号:G812.72/131] | 在馆 | |
| 2 | 1236598 | 212365983 | 教育系资料室/ [索取号:G812.72/131] | 在馆 | |
| 3 | 1236599 | 212365992 | 教育系资料室/ [索取号:G812.72/131] | 在馆 | |
| 4 | 1236600 | 212366009 | 第四借阅区/ [索取号:G812.72/131] | 在馆 | |
| 5 | 1236601 | 212366018 | 第四借阅区/ [索取号:G812.72/131] | 在馆 |